000 00544 a2200157 4500
999 _c156
_d156
020 _a9781847871794
050 _aBF713 BEC 2010
100 _aBeckett, Chris
_eauthor
245 _aHuman growth and development /
_cChris Beckett and Hilary Taylor
264 _aLos Angeles :
_bSage Publications,
_cc20120
300 _avii, 222 p. :
500 _aPrevious ed.: 2002 Includes bibliographical references (p. [203]-214) and index
650 _aDevelopmental psychology
700 _aTaylor, Hilary
_eauthor
942 _2lcc
_cBK
_e2nd ed.
_h713
_iBEC
_kBF